Alliteration in Popular Songs - Statistics

General Stats
  • This quiz has been taken 489 times
  • The average score is 13 of 25
Answer Stats
Artist Alliterative Lyrics % Correct
Carly Rae Jepsen Hey, I just met you And this is crazy But here's my number So call {me}, {maybe}?
85%
ABBA You are the Dancing Queen, young and {sweet}, only {seventeen}
79%
Bob Marley I {shot} the {sheriff}, but I did not shoot the deputy
77%
John Lennon You may say I'm a dreamer But I'm not the {only} {one}
76%
Carly Simon You're so vain, you probably {think} {this} song is about you
72%
The Beatles Hey Jude, don't make it bad. Take a {sad} {song} and make it better
70%
Adele I can't help feeling We could {have} {had} it all Rolling in the deep
69%
Beatles Yesterday all my troubles {seemed} {so} far away
69%
Ben E. King No, I won't be afraid Oh, I won't be afraid Just as long as you {stand} {stand} by me
68%
Joan Jett Singing, I love {rock} and {roll} So put another dime in the jukebox, baby
67%
Tina Turner Big wheel keep on turning Proud Mary keep on burning And we're {rolling}, {rolling}, {rolling} on the river
63%
Olivia Newton John Let's get {physical}, {physical} I wanna get {physical} Let's get into {physical}
62%
Beatles When I find myself in {times} of {trouble} Mother Mary comes to me Speaking words of wisdom Let it be
60%
Queen I see a little silhouetto of a man, {Scaramouch}, {Scaramouch}, will you do the Fandango!
55%
Britney Spears Oh {baby} {baby} How was I suppose to know That something wasn't right here?
52%
Eagles On a {dark} {desert} highway, cool wind in my hair Warm smell of colitas, rising up through the air
51%
Elvis Presley Since my baby left me, I found a new place to dwell... down at the end of Lonely Street At {Heartbreak} {Hotel}
47%
Frank Sinatra And now, the end is near And so I {face} the {final} curtain
39%
Queen Another one bites the dust Hey, I'm {gonna} {get} you, too Another one bites the dust
38%
The Righteous Brothers You've lost that loving feeling Now it's {gone}, {gone},{gone} Whoa-oh
35%
Judy Garland Someday I'll wish upon a star and {wake} up {where} the clouds are far behind me
27%
Bruce Springsteen Born {down} in a {dead} man's town And the first kick I took was when I hit the ground
17%
Marvin Gaye {Mother}, {mother} There's too many of you crying
14%
Kim Carnes She got {Greta} {Garbo's} standoff sighs She's got Bette Davis eyes
5%
Frank Sinatra {Someone's} {sneaking} 'round the corner Could that someone, perhaps, perchance, be Mack the Knife?
5%
No matching quizzes found
Score Distribution
Percent of People with Each Score
Percentile by Number Answered
Your Score History
You have not taken this quiz